Name the Sinnoh Pokémon in Order - Statistics

General Stats
  • This quiz has been taken 175 times
  • The average score is 71 of 107
Answer Stats
Hint Answer % Correct
#387 Turtwig
100%
#390 Chimchar
97%
#388 Grotle
97%
#392 Infernape
97%
#391 Monferno
97%
#389 Torterra
97%
#395 Empoleon
95%
#393 Piplup
95%
#394 Prinplup
95%
#398 Staraptor
95%
#397 Staravia
95%
#396 Starly
95%
#400 Bibarel
92%
#399 Bidoof
92%
#401 Kricketot
89%
#402 Kricketune
89%
#404 Luxio
89%
#405 Luxray
89%
#403 Shinx
89%
#406 Budew
87%
#407 Roserade
87%
#411 Bastiodon
82%
#412 Burmy
82%
#415 Combee
82%
#408 Cranidos
82%
#414 Mothim
82%
#409 Rampardos
82%
#410 Shieldon
82%
#416 Vespiquen
82%
#413 Wormadam
82%
#418 Buizel
76%
#421 Cherrim
76%
#420 Cherubi
76%
#419 Floatzel
76%
#417 Pachirisu
76%
#423 Gastrodon
74%
#422 Shellos
74%
#424 Ambipom
71%
#427 Buneary
68%
#426 Drifblim
68%
#425 Drifloon
68%
#430 Honchkrow
68%
#428 Lopunny
68%
#429 Mismagius
68%
#438 Bonsly
66%
#431 Glameow
66%
#432 Purugly
66%
#435 Skuntank
66%
#434 Stunky
66%
#437 Bronzong
63%
#436 Bronzor
63%
#441 Chatot
63%
#439 Mime Jr.
63%
#433 Chingling
61%
#444 Gabite
61%
#445 Garchomp
61%
#443 Gible
61%
#440 Happiny
61%
#448 Lucario
58%
#447 Riolu
58%
#442 Spiritomb
58%
#460 Abomasnow
55%
#455 Carnivine
55%
#453 Croagunk
55%
#456 Finneon
55%
#457 Lumineon
55%
#446 Munchlax
55%
#459 Snover
55%
#454 Toxicroak
55%
#461 Weavile
55%
#493 Arceus
53%
#452 Drapion
53%
#449 Hippopotas
53%
#450 Hippowdon
53%
#458 Mantyke
53%
#451 Skorupi
53%
#482 Azelf
50%
#488 Cresselia
50%
#491 Darkrai
50%
#483 Dialga
50%
#466 Electivire
50%
#487 Giratina
50%
#485 Heatran
50%
#467 Magmortar
50%
#490 Manaphy
50%
#481 Mesprit
50%
#484 Palkia
50%
#489 Phione
50%
#464 Rhyperior
50%
#479 Rotom
50%
#492 Shaymin
50%
#465 Tangrowth
50%
#480 Uxie
50%
#478 Froslass
47%
#475 Gallade
47%
#471 Glaceon
47%
#470 Leafeon
47%
#463 Lickilicky
47%
#462 Magnezone
47%
#476 Probopass
47%
#486 Regigigas
47%
#469 Yanmega
47%
#477 Dusknoir
45%
#472 Gliscor
45%
#473 Mamoswine
45%
#468 Togekiss
45%
#474 Porygon-Z
39%
No matching quizzes found
Score Distribution
Percent of People with Each Score
Percentile by Number Answered
Your Score History
You have not taken this quiz